[Event "Hajduszoboszlo op 2nd"]
[Site "Hajduszoboszlo"]
[Date "2024.02.08"]
[Round "1"]
[White "Molnar, Laszlo"]
[Black "Szatmari, Gergo Gyula"]
[Result "1/2-1/2"]
[WhiteElo "2105"]
[BlackElo "1551"]
[PlyCount "50"]
[EventDate "2024.02.08"]
[EventType "swiss"]
[EventRounds "7"]
[EventCountry "HUN"]
[SourceTitle "CB08_2024"]
[SourceDate "2024.02.21"]
[SourceVersion "1"]
[SourceVersionDate "2024.02.21"]
[SourceQuality "1"]

1. Nf3 d5 2. g3 Nf6 3. Bg2 Bg4 4. c4 c6 5. cxd5 cxd5 6. Qb3 Bxf3 7. Bxf3 Qd7 8. Nc3 e6 9. d4 Nc6 10. Qd1 Bb4 11. 0-0 0-0 12. a3 Bxc3 13. bxc3 e5 14. dxe5 Nxe5 15. Bg2 Rac8 16. Be3 Nc4 17. Bd4 Qe6 18. Bxf6 Qxf6 19. Qxd5 Qxc3 20. Rfc1 Qb3 21. Rab1 Qa2 22. Qxb7 Qxa3 23. Ra1 Qb2 24. Qxa7 Qxe2 25. Bf1 Qe6 1/2-1/2